| 000 | 00553nam a2200181 4500 | ||
|---|---|---|---|
| 001 | 122029 | ||
| 003 | ES-MaACL | ||
| 007 | t| | ||
| 008 | 070214s1955 sp r ||||1| spa d | ||
| 245 | 0 | 0 |
_aPoema del Cid / _cAnónimo ; texto íntegro en versión de Francisco López Estrada. |
| 260 |
_aValencia : _bCatalia, _c1955. |
||
| 300 |
_aLXVI, 158 p. ; _c20 cm. |
||
| 490 | 1 | _aOdres nuevos | |
| 700 | 0 |
_aLópez Estrada, Francisco, _d1918-2010 _973627 |
|
| 830 | 0 |
_aOdres nuevos _9181463 |
|
| 852 |
_aES-MaACL _jC-9662 _bR.37507 |
||
| 999 |
_c122029 _d122029 |
||